[Event "Schleswig-Holstein-ch Seniors-B"]
[Site "Bad Segeberg"]
[Date "2018.03.28"]
[Round "5"]
[White "Gehl, Hartmut"]
[Black "Clemens, Wolfgang"]
[Result "0-1"]
[WhiteElo "1889"]
[BlackElo "1582"]
[PlyCount "66"]
[EventDate "2018.03.24"]
[EventType "swiss"]
[EventRounds "9"]
[EventCountry "GER"]
[SourceTitle "EXT 2023"]
[Source "ChessBase"]
[SourceDate "2022.10.05"]
[SourceVersion "1"]
[SourceVersionDate "2022.10.05"]
[SourceQuality "1"]

1. d4 c6 2. Nf3 d5 3. c3 Nf6 4. Bg5 e6 5. e3 Bd6 6. Bd3 Nbd7 7. Nbd2 c5 8. 0-0 c4 9. Bc2 b5 10. e4 dxe4 11. Bxe4 Rb8 12. a3 Bb7 13. Re1 Qc7 14. Qc2 0-0 15. Bxf6 Nxf6 16. Bxb7 Rxb7 17. Ne4 Nxe4 18. Qxe4 Rbb8 19. h3 Qb7 20. Qc2 h6 21. Re2 Qd5 22. Rae1 Bc7 23. Ne5 Bxe5 24. Rxe5 Qd7 25. Qe2 a6 26. Qe4 Rbc8 27. g4 Qd8 28. Kg2 Qh4 29. Rh5 Qd8 30. g5 g6 31. Rh4 Qxg5+ 32. Rg4 Qd5 33. Rxg6+ fxg6 0-1

[Event "Schleswig Holstein-ch H 63rd"]
[Site "Gross Groenau"]
[Date "2008.03.20"]
[Round "8"]
[White "Nolte, Oskar Kaan"]
[Black "Clemens, Wolfgang"]
[Result "1/2-1/2"]
[WhiteElo "1386"]
[BlackElo "1644"]
[PlyCount "23"]
[EventDate "2008.03.15"]
[EventType "swiss"]
[EventRounds "9"]
[EventCountry "GER"]
[SourceTitle "EXT 2010"]
[Source "ChessBase"]
[SourceDate "2010.11.25"]
[SourceVersion "1"]
[SourceVersionDate "2010.11.25"]
[SourceQuality "1"]

1. e4 e6 2. d4 d5 3. Nd2 c5 4. c3 cxd4 5. cxd4 dxe4 6. Nxe4 Nf6 7. Bd3 Bb4+ 8. Nc3 Nd5 9. Nge2 0-0 10. 0-0 Bxc3 11. bxc3 Nd7 12. Qc2 1/2-1/2

[Event "Schleswig Holstein-ch H 63rd"]
[Site "Gross Groenau"]
[Date "2008.03.19"]
[Round "7"]
[White "Clemens, Wolfgang"]
[Black "Schiller, Dirk"]
[Result "1-0"]
[WhiteElo "1644"]
[BlackElo "1697"]
[PlyCount "81"]
[EventDate "2008.03.15"]
[EventType "swiss"]
[EventRounds "9"]
[EventCountry "GER"]
[SourceTitle "EXT 2010"]
[Source "ChessBase"]
[SourceDate "2010.11.25"]
[SourceVersion "1"]
[SourceVersionDate "2010.11.25"]
[SourceQuality "1"]

1. d4 d5 2. c4 c6 3. Nc3 Nf6 4. Nf3 e6 5. e3 Be7 6. Bd3 0-0 7. 0-0 Nbd7 8. Re1 h6 9. e4 dxe4 10. Nxe4 Nxe4 11. Bxe4 Nf6 12. Bc2 Bb4 13. Bd2 Qa5 14. Re5 b5 15. a4 Bxd2 16. axb5 Qb6 17. Qxd2 cxb5 18. Rxb5 Qd6 19. b3 a6 20. Re5 Bb7 21. c5 Qd7 22. Re3 Rfd8 23. Rd1 Ng4 24. Ne5 Nxe5 25. Rxe5 Bd5 26. b4 Qc6 27. f3 f5 28. Qc3 Rab8 29. Bb3 Kf7 30. Bxd5 Rxd5 31. Rxd5 exd5 32. Re1 Re8 33. Kf2 Rxe1 34. Qxe1 Qd7 35. Qe5 Kf8 36. Qb8+ Kf7 37. Qb6 Qc8 38. c6 Ke6 39. Qb7 Qd8 40. c7 Qh4+ 41. Kf1 1-0

[Event "Schleswig Holstein-ch H 63rd"]
[Site "Gross Groenau"]
[Date "2008.03.17"]
[Round "3"]
[White "Clemens, Wolfgang"]
[Black "Hartendauer, Frank"]
[Result "1/2-1/2"]
[WhiteElo "1644"]
[BlackElo "1521"]
[PlyCount "55"]
[EventDate "2008.03.15"]
[EventType "swiss"]
[EventRounds "9"]
[EventCountry "GER"]
[SourceTitle "EXT 2010"]
[Source "ChessBase"]
[SourceDate "2010.11.25"]
[SourceVersion "1"]
[SourceVersionDate "2010.11.25"]
[SourceQuality "1"]

1. d4 d5 2. c4 e6 3. Nc3 Nf6 4. Nf3 Be7 5. e3 0-0 6. Bd3 dxc4 7. Bxc4 c5 8. 0-0 Nc6 9. dxc5 Bxc5 10. a3 a6 11. b4 Be7 12. Bb2 b5 13. Be2 Bb7 14. Qc2 Qb6 15. Rad1 Rfd8 16. Bd3 h6 17. Ne4 Nxe4 18. Bxe4 Rac8 19. Rxd8+ Rxd8 20. Rd1 Rxd1+ 21. Qxd1 Qd8 22. Qc2 Qd7 23. Bxc6 Qxc6 24. Qxc6 Bxc6 25. Ne5 Bd5 26. Nd3 g6 27. Nf4 Bc4 28. g3 1/2-1/2

[Event "Schleswig Holstein-ch A 62nd"]
[Site "Itzehoe"]
[Date "2007.04.02"]
[Round "4"]
[White "Diekmann, Harry"]
[Black "Clemens, Wolfgang"]
[Result "1/2-1/2"]
[WhiteElo "1614"]
[BlackElo "1682"]
[PlyCount "52"]
[EventDate "2007.03.31"]
[EventType "swiss"]
[EventRounds "9"]
[EventCountry "GER"]
[SourceTitle "EXT 2010"]
[Source "ChessBase"]
[SourceDate "2010.11.25"]
[SourceVersion "1"]
[SourceVersionDate "2010.11.25"]
[SourceQuality "1"]

1. e4 e6 2. Nf3 a6 3. d4 d5 4. e5 c5 5. c3 Nc6 6. Be2 cxd4 7. cxd4 Bb4+ 8. Nc3 Nge7 9. a3 Bxc3+ 10. bxc3 Nf5 11. 0-0 Bd7 12. c4 dxc4 13. Bxc4 Rc8 14. Be2 Nce7 15. Bg5 h6 16. Bxe7 Nxe7 17. Qb3 Bc6 18. Rfd1 Qd7 19. Qb2 0-0 20. Nd2 Rfd8 21. Nb3 Nd5 22. Nc5 Qe7 23. Bf3 Qg5 24. Ne4 Qg6 25. Ng3 Rc7 26. Rac1 Rdc8 1/2-1/2

[Event "Schleswig Holstein-ch A 62nd"]
[Site "Itzehoe"]
[Date "2007.03.31"]
[Round "1"]
[White "Clemens, Wolfgang"]
[Black "Lorenzen, Klaus Peter"]
[Result "1-0"]
[WhiteElo "1682"]
[BlackElo "1491"]
[PlyCount "79"]
[EventDate "2007.03.31"]
[EventType "swiss"]
[EventRounds "9"]
[EventCountry "GER"]
[SourceTitle "EXT 2010"]
[Source "ChessBase"]
[SourceDate "2010.11.25"]
[SourceVersion "1"]
[SourceVersionDate "2010.11.25"]
[SourceQuality "1"]

1. d4 e5 2. d5 e4 3. c4 d6 4. Nc3 f5 5. Bf4 Qe7 6. h3 g5 7. Be3 Bd7 8. Qb3 b6 9. 0-0-0 Bg7 10. Bd4 Bxd4 11. Rxd4 Qe5 12. e3 a5 13. g4 Nf6 14. gxf5 Na6 15. a3 Nc5 16. Qc2 a4 17. Kb1 Nb3 18. Rd1 Bxf5 19. Nb5 Qe7 20. Nd4 Bd7 21. Nxb3 axb3 22. Qc3 0-0 23. Ne2 Qf7 24. Rg1 h6 25. h4 Ng4 26. hxg5 Qxf2 27. gxh6 Rf6 28. Bh3 Rg6 29. Nd4 Kh7 30. Bxg4 Rxg4 31. Rxg4 Bxg4 32. Nxb3 Kxh6 33. Rh1+ Kg6 34. Nd4 Qg2 35. Qe1 Rf8 36. Rg1 Qh3 37. Ne6 Rf3 38. Nf4+ Rxf4 39. exf4 Qd3+ 40. Ka1 1-0